[Event "Barbera del Valles op 39th"]
[Site "Barbera del Valles"]
[Date "2016.07.05"]
[Round "2"]
[White "Yogit, S."]
[Black "Garcia Mosquera, David"]
[Result "1-0"]
[WhiteElo "2198"]
[BlackElo "2045"]
[PlyCount "133"]
[EventDate "2016.07.04"]
[EventType "swiss"]
[EventRounds "9"]
[EventCountry "ESP"]
[SourceTitle "EXT 2017"]
[Source "ChessBase"]
[SourceDate "2016.10.25"]
[SourceVersion "1"]
[SourceVersionDate "2016.10.25"]
[SourceQuality "1"]

1. e4 e5 2. Nf3 Nc6 3. Bb5 a6 4. Ba4 Nf6 5. 0-0 b5 6. Bb3 Be7 7. d3 d6 8. a4 Bg4 9. c3 0-0 10. h3 Bh5 11. Re1 Na5 12. Ba2 c5 13. Nbd2 Qd7 14. Nf1 bxa4 15. Ng3 Bg6 16. Nh4 Rfb8 17. Nhf5 Nb3 18. Bxb3 axb3 19. Ra3 Bf8 20. Rxb3 Ne8 21. Ra3 d5 22. c4 d4 23. Nh4 Rb6 24. Rf1 Nc7 25. Kh2 Be7 26. Nf3 f6 27. Ng1 Ne6 28. N1e2 Bf7 29. Nf5 Bf8 30. Qe1 Rab8 31. f4 g6 32. Qg3 Kh8 33. fxe5 gxf5 34. exf5 Ng7 35. e6 Bxe6 36. fxe6 Qxe6 37. Nf4 Qf5 38. Kg1 Bd6 39. Qh4 Ne6 40. Nxe6 Qxe6 41. Re1 Qf5 42. Re2 Be5 43. Qf2 Qg6 44. Qf3 Rb3 45. Rxb3 Rxb3 46. Re4 a5 47. h4 a4 48. h5 Qg3 49. Qxg3 Bxg3 50. Bh6 Kg8 51. Rg4+ Kf7 52. Rxg3 Rb8 53. Rg7+ Ke6 54. Ra7 Rb3 55. Rxa4 Rxd3 56. Ra5 Rd1+ 57. Kf2 Rh1 58. Rxc5 f5 59. Bg7 d3 60. Rd5 Rc1 61. Rxd3 Rxc4 62. Kf3 Rh4 63. h6 Rg4 64. Rd8 Kf7 65. Rf8+ Kg6 66. Rf6+ Kg5 67. Rc6 1-0

[Event "Foment Martinenc op-A 15th"]
[Site "Barcelona"]
[Date "2013.04.20"]
[Round "1"]
[White "Castellet Menchon, Cora"]
[Black "Garcia Mosquera, David"]
[Result "1-0"]
[WhiteElo "1799"]
[BlackElo "2029"]
[PlyCount "65"]
[EventDate "2013.04.20"]
[EventType "swiss"]
[EventRounds "9"]
[EventCountry "ESP"]
[SourceTitle "CBM 154 Extra"]
[Source "ChessBase"]
[SourceDate "2013.06.25"]
[SourceVersion "2"]
[SourceVersionDate "2013.06.25"]
[SourceQuality "1"]

1. d4 Nf6 2. c4 g6 3. Nc3 Bg7 4. e4 d6 5. f4 0-0 6. Nf3 c5 7. dxc5 dxc5 8. Bd3 Nc6 9. e5 Nd7 10. a3 a6 11. 0-0 e6 12. Be3 b6 13. Qe2 f5 14. Rfd1 Re8 15. Qf2 Bf8 16. Bf1 Qc7 17. Qh4 Be7 18. Ng5 Nf8 19. g4 Kg7 20. gxf5 exf5 21. Nd5 Qb7 22. Bg2 h6 23. Nxe7 Rxe7 24. Nh3 Re6 25. Bd5 Qf7 26. Bxe6 Bxe6 27. b3 Na5 28. Rab1 Rc8 29. Rd6 Nd7 30. Qe1 Nc6 31. Rbd1 b5 32. Qc3 bxc4 33. Rxd7 1-0

[Event "Mollet del Valles op U2300 3rd"]
[Site "Mollet del Valles"]
[Date "2012.12.07"]
[Round "6"]
[White "Garcia Mosquera, David"]
[Black "Beaskoa Estany, Gabriel"]
[Result "1-0"]
[WhiteElo "2024"]
[BlackElo "1832"]
[PlyCount "77"]
[EventDate "2012.12.02"]
[EventType "swiss"]
[EventRounds "8"]
[EventCountry "ESP"]
[SourceTitle "EXT 2014"]
[Source "ChessBase"]
[SourceDate "2013.11.20"]
[SourceVersion "1"]
[SourceVersionDate "2013.11.20"]
[SourceQuality "1"]

1. e4 c5 2. f4 d5 3. e5 Nc6 4. Nf3 Bg4 5. Be2 e6 6. c3 Nge7 7. 0-0 Nf5 8. d3 Be7 9. Na3 Qb6 10. Nc2 Bxf3 11. Bxf3 0-0 12. Rb1 Rac8 13. g4 Nh4 14. Be3 Qa5 15. a3 Rfd8 16. b4 cxb4 17. axb4 Nxf3+ 18. Rxf3 Qc7 19. d4 Nb8 20. Bd2 Nd7 21. Rh3 f6 22. g5 fxg5 23. Qh5 Nf8 24. fxg5 g6 25. Qh6 Rd7 26. Rf1 Re8 27. Rhf3 Bxb4 28. Nxb4 Rg7 29. Nd3 a5 30. Nc5 Nd7 31. Qxg7+ Kxg7 32. Rf7+ Kg8 33. Rxd7 Qb6 34. Rxb7 Qc6 35. Rff7 Rd8 36. Rg7+ Kh8 37. Rxh7+ Kg8 38. Rbg7+ Kf8 39. Rc7 1-0

[Event "Barcelona Sant Marti op-A 14th"]
[Site "Barcelona"]
[Date "2012.07.14"]
[Round "2"]
[White "Garcia Mosquera, David"]
[Black "Minguez Rodriguez, Raul"]
[Result "0-1"]
[WhiteElo "2033"]
[BlackElo "2237"]
[PlyCount "70"]
[EventDate "2012.07.13"]
[EventType "swiss"]
[EventRounds "9"]
[EventCountry "ESP"]
[SourceTitle "CBM 149 Extra"]
[Source "ChessBase"]
[SourceDate "2012.08.24"]
[SourceVersion "1"]
[SourceVersionDate "2012.08.24"]
[SourceQuality "1"]

1. e4 e5 2. Nf3 Nc6 3. Bb5 f5 4. d3 fxe4 5. dxe4 Nf6 6. 0-0 d6 7. h3 Be7 8. Nc3 0-0 9. Bc4+ Kh8 10. a3 Qe8 11. Qd3 Nh5 12. Nd5 Bd8 13. Nh2 Nf4 14. Bxf4 exf4 15. Ng4 Bxg4 16. hxg4 Ne5 17. Qe2 c6 18. Nc3 f3 19. gxf3 Rxf3 20. Kg2 Qg6 21. Qxf3 Nxf3 22. Kxf3 Bh4 23. Ke2 d5 24. Bd3 Qxg4+ 25. f3 Qg2+ 26. Ke3 Rd8 27. exd5 cxd5 28. Ne2 Re8+ 29. Kd2 g6 30. f4 Bf2 31. Rh1 Bd4 32. Rh6 Bg7 33. Rhh1 Bf6 34. Rh6 Bg7 35. Rg1 Rxe2+ 0-1

[Event "Barcelona Sant Marti op 13th"]
[Site "Barcelona"]
[Date "2011.07.13"]
[Round "1"]
[White "Garcia Mosquera, David"]
[Black "Perez Mitjans, Orelvis"]
[Result "0-1"]
[WhiteElo "2068"]
[BlackElo "2452"]
[PlyCount "54"]
[EventDate "2011.07.13"]
[EventType "swiss"]
[EventRounds "9"]
[EventCountry "ESP"]
[SourceTitle "CBM 143 Extra"]
[Source "ChessBase"]
[SourceDate "2011.08.29"]
[SourceVersion "1"]
[SourceVersionDate "2011.08.29"]
[SourceQuality "1"]

1. e4 d5 2. e5 c5 3. f4 Bf5 4. Nf3 e6 5. c3 Nc6 6. d3 Bg4 7. Be2 Nh6 8. 0-0 Nf5 9. Na3 h5 10. Nc2 d4 11. Nd2 Qd7 12. Ne4 dxc3 13. bxc3 0-0-0 14. Ne1 Be7 15. Rb1 f6 16. exf6 gxf6 17. Rf2 c4 18. d4 Qd5 19. Bf3 Qxe4 20. Bxe4 Bxd1 21. Bxc6 bxc6 22. Rfb2 Nd6 23. Rb4 Bg4 24. Ra4 Rd7 25. Ra6 Rc7 26. Rb4 Ne4 27. Rxc4 Be2 0-1

[Event "Barcelona Ateneu Colon op 6th"]
[Site "Barcelona"]
[Date "2011.05.24"]
[Round "5"]
[White "Alarcon Robles, Pedro"]
[Black "Garcia Mosquera, David"]
[Result "1-0"]
[WhiteElo "1918"]
[BlackElo "2068"]
[PlyCount "83"]
[EventDate "2011.04.26"]
[EventType "swiss"]
[EventRounds "9"]
[EventCountry "ESP"]
[SourceTitle "EXT 2012"]
[Source "ChessBase"]
[SourceDate "2011.11.24"]
[SourceVersion "1"]
[SourceVersionDate "2011.11.24"]
[SourceQuality "1"]

1. d4 Nf6 2. Nf3 g6 3. Bf4 Bg7 4. e3 b6 5. Nc3 Bb7 6. h3 0-0 7. Be2 d6 8. 0-0 Nbd7 9. Qd2 c5 10. Rfd1 cxd4 11. exd4 Rc8 12. Bh6 Re8 13. Bxg7 Kxg7 14. Re1 d5 15. Bd3 a6 16. a4 Qc7 17. Qe2 Nb8 18. Ne5 Nfd7 19. Nxd7 Qxd7 20. Qe5+ f6 21. Qe6 Qxe6 22. Rxe6 Nc6 23. Rae1 Kf7 24. Nxd5 Ne5 25. Nxb6 Nxd3 26. cxd3 Rcd8 27. d5 Bxd5 28. Nxd5 Rxd5 29. Rxa6 Rxd3 30. b4 e5 31. Rc1 Re7 32. b5 Rb3 33. b6 Rb7 34. a5 Ra3 35. Rc6 Ke7 36. Ra8 Kd7 37. Rxf6 Ke7 38. Raf8 Rd7 39. b7 Rd1+ 40. Kh2 Rb1 41. R6f7+ Ke6 42. Rxh7 1-0

[Event "Barcelona Ateneu Colon op 4th"]
[Site "Barcelona"]
[Date "2009.05.26"]
[Round "6"]
[White "Garcia Mosquera, David"]
[Black "Carrasco Rodriguez, Jesus"]
[Result "1-0"]
[WhiteElo "2093"]
[BlackElo "2091"]
[PlyCount "67"]
[EventDate "2009.04.21"]
[EventType "swiss"]
[EventRounds "9"]
[EventCountry "ESP"]
[SourceTitle "EXT 2011"]
[Source "ChessBase"]
[SourceDate "2010.11.26"]
[SourceVersion "1"]
[SourceVersionDate "2010.11.26"]
[SourceQuality "1"]

1. e4 c5 2. f4 d6 3. Nf3 e6 4. c3 Nf6 5. d3 Be7 6. Be2 Nc6 7. Na3 0-0 8. 0-0 d5 9. e5 Nd7 10. Nc2 d4 11. Nd2 f6 12. Bg4 Nb6 13. exf6 gxf6 14. Qe2 f5 15. Bf3 dxc3 16. bxc3 Bf6 17. Bxc6 bxc6 18. Ba3 Na4 19. d4 Nxc3 20. Qc4 Bxd4+ 21. Nxd4 Qxd4+ 22. Qxd4 cxd4 23. Bxf8 Kxf8 24. Nb3 d3 25. Rf3 Ba6 26. Nc5 d2 27. Rxc3 Be2 28. Nxe6+ Kf7 29. Nd4 d1Q+ 30. Rxd1 Bxd1 31. Rxc6 Rd8 32. Nxf5 Ba4 33. Rc7+ Kf8 34. Ne3 1-0

[Event "Murcia op"]
[Site "Murcia"]
[Date "1997.??.??"]
[Round "7"]
[White "Garcia Mosquera, David"]
[Black "Camarena Gimenez, Rufino"]
[Result "1/2-1/2"]
[WhiteElo "2195"]
[BlackElo "2160"]
[PlyCount "92"]
[EventDate "1997.??.??"]
[EventType "swiss"]
[EventRounds "9"]
[EventCountry "ESP"]
[SourceTitle "EXT 2000"]
[Source "ChessBase"]
[SourceDate "1999.11.16"]
[SourceVersion "1"]
[SourceVersionDate "1999.11.16"]
[SourceQuality "1"]

1. e4 e6 2. f4 d5 3. e5 c5 4. c3 Nc6 5. Nf3 Nh6 6. d3 Be7 7. Be2 0-0 8. 0-0 f6 9. Na3 Qc7 10. d4 cxd4 11. cxd4 fxe5 12. fxe5 Nf5 13. Nc2 Qb6 14. Kh1 Bd7 15. g4 Nh4 16. Be3 Nxf3 17. Bxf3 Be8 18. Qd2 Bg6 19. a4 Qxb2 20. Rac1 Rxf3 21. Rxf3 Be4 22. Rcf1 Qxc2 23. Qxc2 Bxc2 24. Kg1 Rf8 25. Rxf8+ Bxf8 26. Ra1 Bb4 27. Kf2 Bb3 28. Ke2 Bc4+ 29. Kf3 Bc3 30. Rd1 a6 31. h4 b5 32. axb5 axb5 33. h5 h6 34. g5 hxg5 35. Kg4 b4 36. Kxg5 Ne7 37. h6 gxh6+ 38. Kf6 Nf5 39. Bf2 b3 40. Kxe6 b2 41. Rg1+ Kf8 42. Kxf5 b1Q+ 43. Rxb1 Bd3+ 44. Ke6 Bxb1 45. Kxd5 Ba2+ 46. Ke4 Ke7 1/2-1/2